Harry Potter Survival Quiz - Statistics

General Stats
  • This quiz has been taken 28 times
  • The average score is 70 of 123
Answer Stats
Hint Answer % Correct
Gryffindor Harry Potter
100%
Ron Weasley
100%
Hermione Granger
96%
Neville Longbottom
96%
Bill Weasley
93%
George Weasley
93%
Staff Minerva Mcgonagall
93%
Arthur Weasley
89%
Charlie Weasley
89%
Draco Malfoy
89%
Percy Weasley
89%
Dean Thomas
86%
Ginny Weasley
86%
Lucius Malfoy
86%
Beaughbatonsand Durmstrang Fleur Delacour
82%
Narcissa Malfoy
82%
Seamus Finnigan
82%
Argus Filch
79%
Cho Chang
79%
Ravenclaw Luna Lovegood
79%
Molly Weasley
79%
Rubeus Hagrid
79%
Sybill Trelawney
79%
Angelina Johnson
75%
Filius Flitwick
75%
Viktor Krum
75%
Crabbe
71%
Dolores Umbridge
71%
Dudley Dursley
71%
Goyle
71%
Gregory Goyle
71%
Katie Bell
71%
Pansy Parkinson
71%
Petunia Dursley
71%
Muggles and Squibs Vernon Dursley
71%
Slytherin Draco Malfoy
68%
Gilderoy Lockhart
68%
Marjorie Dursley
68%
Padma Patil
68%
Parvati Patil
68%
Arabella Figg
64%
Ministry Workers Cornelius Fudge
64%
Dennis Creevey
64%
Kingsley Shacklebolt
64%
Olympe Maxime
64%
Pomona Sprout
64%
Alecto Carrow
61%
Amycus Carrow
61%
Barty Crouch Jr.
61%
Hufflepuff Ernie Macmillan
61%
Horace Slughorn
61%
Oliver Wood
61%
Poppy Pomfrey
61%
Blaise Zabini
57%
Gabrielle Delacour
57%
Rolanda Hooch
57%
Buckbeak
54%
Crookshanks
54%
Susan Bones
54%
Zacharias Smith
54%
Alicia Spinnet
50%
Errol
50%
Fang
50%
Grawp
50%
Rodolphus Lestrange
50%
Augusta Longbottom
46%
Kreacher
46%
Other Witches andWizards Mary Cattermole
46%
Pigwidgeon
46%
Reg Cattermole
46%
Xenophilius Lovegood
46%
Andromeda Tonks
43%
Aurora Sinistra
43%
Cormac McLaggen
43%
Fenrir Greyback
43%
Justin Finch-Fletchley
43%
Mafalda Hopkirk
43%
Terry Boot
43%
Hannah Abott
39%
Hermes
39%
Lee Jordan
39%
Marcus Flint
39%
Septima Vector
39%
Anthony Goldstein
36%
Winky
36%
Michael Corner
32%
Millicent Bulstrode
32%
Yaxley
32%
Augustus Rookwood
29%
Rita Skeeter
29%
Romilda Vane
29%
Wilhelmina Grubbly-Plank
29%
Ludovic Bagman
25%
Penelope Clearwater
25%
Pius Thicknesse
25%
Stanley Shunpike
25%
The Whomping Willow
25%
Marietta Edgecombe
21%
Roger Davies
21%
Arnold
18%
Demelza Robins
18%
Jack Sloper
18%
Jimmy Peakes
18%
Wilkie Twycross
18%
John Dawlish
11%
Ripper
11%
Walden Macnair
11%
The Giant Squid
4%
No matching quizzes found
Score Distribution
Percent of People with Each Score
Percentile by Number Answered
Your Score History
You have not taken this quiz